000 00480nam a2200181Ia 4500
001 20993
005 20260306172846.0
008 260306t2015||||xx |||||||||||||| ||spa||
041 _aESP
082 _a343.83
_bF75
100 _aForo Académico Asociación Civil
_eAUT
245 0 _aDinámica actual del comercio exterior y el rol de la aduana moderna
260 _c2015
300 _a110 páginas :
_c28 cm.
650 _aGEN
654 _aCCO
942 _cLIB
_dJUS
_fJUS
_2ddc
_n
999 _c20993
_d20993